[Event "VI. Berecz memorial B 2018"]
[Site "?"]
[Date "2018.12.28"]
[Round "3.1"]
[White "Fridrik, Richard"]
[Black "Hajdu, Istvan"]
[Result "1-0"]
[WhiteElo "1751"]
[BlackElo "1887"]
[PlyCount "125"]
[EventDate "2018.12.27"]

1. e4 Nc6 2. Nf3 e5 3. d4 exd4 4. Nxd4 Nf6 5. Nxc6 bxc6 6. Bd3 Bb4+ 7. c3 Bc5
8. O-O O-O 9. Qf3 d5 10. Bg5 Be7 11. Nd2 h6 12. Bf4 Rb8 13. e5 Nh7 14. Qh5 Bg5
15. Bxh7+ Kxh7 16. Bxg5 Qxg5 17. Qxg5 hxg5 18. b3 Re8 19. Rfe1 Bd7 20. Rac1 f6
21. c4 Be6 22. cxd5 Bxd5 23. Nc4 Kg6 24. Kf1 Rb4 25. exf6 Rxe1+ 26. Kxe1 gxf6
27. f3 Rb8 28. Ne3 Re8 29. Kf2 Re7 30. Rc5 Rd7 31. Ra5 Be6 32. Ke2 f5 33. Nc4
Kf6 34. Rxa7 Re7 35. Kf2 Bd5 36. Ne3 Be6 37. Ra6 Rd7 38. Ke2 Rd6 39. Ra5 Bd7
40. Rc5 Re6 41. Kf2 Rd6 42. Ke2 Re6 43. Kd2 Re8 44. a4 Ra8 45. a5 Ra6 46. b4
Ra8 47. h3 Rb8 48. Kc3 Ra8 49. Nc2 Ra6 50. Nd4 Kg6 51. g4 fxg4 52. hxg4 Kf6 53.
Kd3 Kg6 54. Ke3 Kf6 55. Ke4 Be8 56. Kd3 Bg6+ 57. Kc3 Be8 58. Ne2 Bf7 59. Ng3
Bd5 60. Ne4+ Kg6 61. Kd4 Ra8 62. Rc1 Rb8 63. Rb1 1-0

[Event "VI. Berecz memorial B 2018"]
[Site "?"]
[Date "2018.12.28"]
[Round "3.2"]
[White "Varga, Gabor"]
[Black "Jojart, Zsolt"]
[Result "1/2-1/2"]
[WhiteElo "1839"]
[BlackElo "1587"]
[PlyCount "105"]
[EventDate "2018.12.27"]

1. e4 e6 2. d4 d5 3. exd5 exd5 4. Nf3 Nf6 5. Bd3 Bd6 6. O-O O-O 7. Nc3 c6 8. h3
Re8 9. Re1 Nbd7 10. Bd2 Qc7 11. Rxe8+ Nxe8 12. Qe2 Ndf6 13. Re1 Bd7 14. a3 a5
15. Qd1 b5 16. Qc1 Nh5 17. Ne5 g6 18. Bh6 Be6 19. Nf3 Neg7 20. Ng5 Re8 21. Nxe6
Rxe6 22. Rxe6 Nxe6 23. Ne2 Qb6 24. c3 Qc7 25. Qd2 f6 26. Be3 Kf7 27. Qc1 Qd8
28. g4 Nhg7 29. Nf4 Qc7 30. Nxe6 Nxe6 31. Kg2 Bf4 32. Qe1 Qd6 33. Qe2 b4 34.
axb4 axb4 35. Qe1 bxc3 36. bxc3 Qa3 37. Kf3 Bxe3 38. fxe3 Ng5+ 39. Kg3 Qd6+ 40.
Kg2 c5 41. Qg3 Qxg3+ 42. Kxg3 Ne6 43. Bb5 cxd4 44. cxd4 g5 45. Bc6 Nc7 46. h4
h6 47. hxg5 hxg5 48. Kf3 Ke6 49. Bb7 Nb5 50. Bc8+ Kd6 51. Bf5 Nc3 52. Bd3 Kc6
53. Bf1 1/2-1/2

[Event "VI. Berecz memorial B 2018"]
[Site "?"]
[Date "2018.12.28"]
[Round "3.3"]
[White "Kocsmar, Akos"]
[Black "Balaban-Voia, Alexandru"]
[Result "1/2-1/2"]
[WhiteElo "1690"]
[BlackElo "1820"]
[PlyCount "47"]
[EventDate "2018.12.27"]

1. d4 b6 2. Nf3 e6 3. e3 Bb7 4. b3 Nf6 5. Nbd2 Ne4 6. Nxe4 Bxe4 7. Bb2 Be7 8.
Bd3 Bb7 9. e4 d5 10. e5 c5 11. O-O Ba6 12. Qe2 Bxd3 13. Qxd3 Nc6 14. c3 O-O 15.
Rfe1 cxd4 16. Nxd4 Rc8 17. Rac1 Nxd4 18. cxd4 Qd7 19. g3 Bb4 20. Red1 Rxc1 21.
Rxc1 Rc8 22. Rxc8+ Qxc8 23. f4 g6 24. Kg2 1/2-1/2

[Event "VI. Berecz memorial B 2018"]
[Site "?"]
[Date "2018.12.28"]
[Round "3.4"]
[White "Panda, Barnabas"]
[Black "Nagy, Lajos"]
[Result "1-0"]
[WhiteElo "1516"]
[BlackElo "1765"]
[PlyCount "65"]
[EventDate "2018.12.27"]

1. d4 Nf6 2. c4 e5 3. dxe5 Ng4 4. Nf3 Nc6 5. Nc3 Bc5 6. e3 Ngxe5 7. Be2 O-O 8.
O-O a5 9. Nd4 Ra6 10. Na4 Qe7 11. Nf5 Qf6 12. Nxc5 Qxf5 13. Nxa6 bxa6 14. Bd2
Bb7 15. Bc3 Ne7 16. Bxe5 Qxe5 17. Qxd7 f5 18. Qd4 Qe6 19. f4 Nc6 20. Qc3 Re8
21. Bf3 Qxe3+ 22. Qxe3 Rxe3 23. Bd5+ Kf8 24. Rfe1 Rxe1+ 25. Rxe1 Nd8 26. Bxb7
Nxb7 27. Re6 Nd6 28. c5 Kf7 29. Re5 Nc4 30. Rxf5+ Ke6 31. Rg5 g6 32. b3 Ne3 33.
Re5+ 1-0

[Event "VI. Berecz memorial B 2018"]
[Site "?"]
[Date "2018.12.28"]
[Round "3.5"]
[White "Lakatos, Alfred"]
[Black "Fekete, Alex"]
[Result "1/2-1/2"]
[WhiteElo "1581"]
[BlackElo "1747"]
[PlyCount "98"]
[EventDate "2018.12.27"]

1. d4 d5 2. Nf3 g6 3. h4 Bg7 4. h5 gxh5 5. Rxh5 Nf6 6. Rh1 Bf5 7. Bh6 Rg8 8.
Qc1 Qd6 9. c3 Ne4 10. Bf4 Qb6 11. Nbd2 Nd7 12. Nh4 Bg6 13. Nxg6 hxg6 14. Nxe4
dxe4 15. Qc2 f5 16. O-O-O O-O-O 17. e3 Rh8 18. Bc4 Qf6 19. Qb3 e5 20. dxe5 Nxe5
21. Be6+ Kb8 22. Bxe5 Qxe5 23. Rxh8 Rxh8 24. Bg8 Qf6 25. Qf7 a6 26. Qe8+ Ka7
27. Rd8 Rh1+ 28. Kc2 Rf1 29. Rd2 g5 30. Bc4 Rg1 31. g3 f4 32. gxf4 gxf4 33.
Qxe4 fxe3 34. Qxe3+ Qb6 35. Qxb6+ Kxb6 36. Kb3 Bh6 37. Re2 Bf4 38. Bd5 c6 39.
Be4 Rd1 40. f3 Kc5 41. Kc2 Rc1+ 42. Kb3 Rd1 43. Rg2 Rf1 44. Rg7 Kb6 45. a4 a5
46. Rf7 Bc1 47. Rf5 Rf2 48. Bc2 Ka6 49. c4 Be3 1/2-1/2

[Event "VI. Berecz memorial B 2018"]
[Site "?"]
[Date "2018.12.28"]
[Round "3.6"]
[White "Sipos, Kalman"]
[Black "Abraham, Lajos"]
[Result "0-1"]
[WhiteElo "1706"]
[BlackElo "1629"]
[PlyCount "112"]
[EventDate "2018.12.27"]

1. e4 e5 2. Nf3 Nc6 3. Bb5 a6 4. Ba4 Nf6 5. O-O d6 6. d4 exd4 7. Bxc6+ bxc6 8.
Nxd4 Bd7 9. Re1 Be7 10. Nc3 O-O 11. b3 c5 12. Nde2 c6 13. Bf4 Ne8 14. h3 Be6
15. Qd3 Bf6 16. Rad1 Qa5 17. Qg3 Rd8 18. e5 dxe5 19. Bxe5 c4 20. Bxf6 Nxf6 21.
Rd6 cxb3 22. axb3 Ne4 23. Nxe4 Qxe1+ 24. Kh2 Qxe2 25. Nf6+ Kh8 26. Nxh7 Qh5 27.
Nxf8 Rxf8 28. Rd4 Kg8 29. Rh4 Qg6 30. Qc3 Qf6 31. Qxf6 gxf6 32. Ra4 Ra8 33. Ra5
Kf8 34. Rc5 Bd7 35. b4 Ke7 36. Kg3 Rg8+ 37. Kf3 Rg5 38. Rc4 Be6 39. Rd4 Bd5+
40. Ke3 Bxg2 41. h4 Re5+ 42. Kf4 Rd5 43. Rc4 Kd6 44. c3 Bf1 45. Re4 Bd3 46. Re3
c5 47. h5 cxb4 48. cxb4 Rd4+ 49. Kg3 Bh7 50. Ra3 Rd3+ 51. Rxd3+ Bxd3 52. h6 Bh7
53. Kf4 Kd5 54. Ke3 Kc4 55. Kd2 Kxb4 56. Kc1 Kb3 0-1

[Event "VI. Berecz memorial B 2018"]
[Site "?"]
[Date "2018.12.28"]
[Round "3.8"]
[White "Gaal, Miklos"]
[Black "Toth, Sandor Sr."]
[Result "0-1"]
[WhiteElo "1551"]
[BlackElo "1776"]
[PlyCount "76"]
[EventDate "2018.12.27"]

1. d4 d5 2. Nf3 e6 3. c4 Nf6 4. Nc3 c6 5. Bg5 Be7 6. e3 h6 7. Bh4 O-O 8. Be2
dxc4 9. Bxc4 b5 10. Be2 Bb7 11. O-O Nbd7 12. Rc1 Rc8 13. a3 a5 14. Bd3 Nb6 15.
Bxf6 Bxf6 16. Ne4 Be7 17. Qe2 Nd5 18. Rfd1 Ba8 19. Bb1 Qb6 20. Ne5 Rc7 21. Qd3
f5 22. Ng3 Bd6 23. Nh5 Bxe5 24. dxe5 Qb8 25. Rd2 Rd7 26. f4 Qa7 27. Ba2 Rfd8
28. Rcd1 c5 29. Qe2 c4 30. Rd4 Bc6 31. Kh1 Nxe3 32. Rxd7 Rxd7 33. Rxd7 Bxd7 34.
Qf2 Qd4 35. h3 Bc6 36. Kh2 Bxg2 37. Ng3 Bd5 38. Bb1 Ng4+ 0-1

[Event "VI. Berecz memorial B 2018"]
[Site "?"]
[Date "2018.12.28"]
[Round "3.9"]
[White "Vavro, Lajos"]
[Black "Beretka, Csaba"]
[Result "0-1"]
[WhiteElo "1535"]
[BlackElo "1690"]
[PlyCount "114"]
[EventDate "2018.12.27"]

1. d4 d5 2. f4 Nf6 3. Nf3 Nc6 4. e3 Bf5 5. c3 a6 6. Ne5 Nxe5 7. fxe5 Ne4 8. Nd2
e6 9. Nf3 Be7 10. Be2 O-O 11. O-O c5 12. Nd2 c4 13. Nxe4 Bxe4 14. Bf3 Bd3 15.
Be2 Bg6 16. Bg4 b5 17. Rf2 b4 18. Bd2 a5 19. g3 Qb6 20. h4 h6 21. Bh5 Bh7 22.
Qf3 f6 23. exf6 Rxf6 24. Qg2 Raf8 25. Rxf6 Rxf6 26. Rf1 Be4 27. Qh3 b3 28. axb3
cxb3 29. Bc1 a4 30. Rxf6 Bxf6 31. Bg4 Kf7 32. Qh2 Qa6 33. Be2 Bd3 34. Kf1 Bc4
35. Bxc4 Qxc4+ 36. Qe2 e5 37. Qxc4 dxc4 38. dxe5 Bxe5 39. Kf2 a3 40. bxa3 Bxc3
41. Ke2 Ke6 42. a4 Kd5 43. g4 Ke4 44. g5 hxg5 45. hxg5 b2 46. Bxb2 Bxb2 47. a5
Be5 48. a6 Bb8 49. Kd2 Ba7 50. Kc3 Bxe3 51. Kxc4 Kf5 52. Kd5 Kxg5 53. Ke4 Ba7
54. Kf3 Kh4 55. Kf4 g5+ 56. Kf3 Kh3 57. Ke2 g4 0-1

[Event "VI. Berecz memorial B 2018"]
[Site "?"]
[Date "2018.12.28"]
[Round "3.10"]
[White "Arvai, Benedek"]
[Black "Kapicakova, Lucia"]
[Result "1/2-1/2"]
[WhiteElo "1472"]
[BlackElo "1655"]
[PlyCount "40"]
[EventDate "2018.12.27"]

1. e4 c6 2. d4 d5 3. exd5 cxd5 4. c4 Nf6 5. Nc3 e6 6. Nf3 Be7 7. Bg5 dxc4 8.
Bxc4 O-O 9. O-O Nc6 10. Be3 a6 11. Ne5 Qc7 12. f4 Nxe5 13. fxe5 Qxc4 14. exf6
Bxf6 15. Rxf6 gxf6 16. Bh6 f5 17. Bxf8 Kxf8 18. Qh5 Ke7 19. Qh4+ Kf8 20. Qh6+
Ke7 1/2-1/2

[Event "VI. Berecz memorial B 2018"]
[Site "?"]
[Date "2018.12.28"]
[Round "3.11"]
[White "Kadnar, Emil"]
[Black "Szamko, Szabolcs"]
[Result "1-0"]
[WhiteElo "1638"]
[BlackElo "1485"]
[PlyCount "93"]
[EventDate "2018.12.27"]

1. e4 c5 2. Bc4 Nc6 3. Nf3 d6 4. h3 e6 5. Nc3 Nf6 6. a3 Be7 7. d3 O-O 8. O-O d5
9. exd5 exd5 10. Ba2 d4 11. Ne2 Nd5 12. Bd2 Bf6 13. Ng3 Be6 14. Re1 Qc7 15. Qc1
h6 16. Ne4 Be7 17. Bxh6 gxh6 18. Qxh6 Qf4 19. Nfg5 Qf5 20. g4 Qg6 21. Qxg6+
fxg6 22. Nxe6 Nb6 23. Nxf8+ Kxf8 24. f4 Kg7 25. Kg2 Rf8 26. Rf1 Kh6 27. Rae1
Kg7 28. Ng5 Rc8 29. Ne6+ Kh7 30. f5 gxf5 31. Rxf5 Na4 32. Bd5 Nb6 33. Bxc6 Rxc6
34. Rf7+ Kg6 35. Rxe7 Nd5 36. Nf8+ Kf6 37. R7e6+ Rxe6 38. Nxe6 Ne3+ 39. Rxe3
dxe3 40. Nxc5 e2 41. Kf2 b6 42. Ne4+ Kg7 43. Kxe2 Kh7 44. h4 a5 45. b4 axb4 46.
axb4 b5 47. c4 1-0

[Event "VI. Berecz memorial B 2018"]
[Site "?"]
[Date "2018.12.28"]
[Round "3.12"]
[White "Tumbasz, Peter"]
[Black "Toth, Lili"]
[Result "1-0"]
[WhiteElo "1625"]
[BlackElo "1436"]
[PlyCount "73"]
[EventDate "2018.12.27"]

1. d4 d5 2. e4 c6 3. e5 Bf5 4. Nf3 e6 5. Bd3 Bxd3 6. Qxd3 Ne7 7. O-O Nd7 8. Be3
Qc7 9. Nbd2 c5 10. c4 dxc4 11. Nxc4 Nd5 12. Rac1 Nxe3 13. fxe3 Be7 14. e4 cxd4
15. Nd6+ Bxd6 16. Rxc7 Bxc7 17. Nxd4 Bb6 18. Kh1 Nxe5 19. Qb5+ Nd7 20. Nf3 Rd8
21. Ne5 f6 22. Nxd7 Ke7 23. Nxb6 axb6 24. Qxb6 Rd7 25. h3 Rhd8 26. a4 Kf7 27.
e5 f5 28. Qb3 g6 29. g4 Ke7 30. gxf5 gxf5 31. Qb4+ Kf7 32. Qh4 Ke8 33. Qf6 Re7
34. Qh8+ Kf7 35. Qxd8 Re8 36. Qf6+ Kg8 37. Rg1# 1-0

[Event "VI. Berecz memorial B 2018"]
[Site "?"]
[Date "2018.12.28"]
[Round "3.14"]
[White "Markus, Molli Amina"]
[Black "Korosi, Zsombor"]
[Result "1-0"]
[WhiteElo "1621"]
[BlackElo "1072"]
[PlyCount "143"]
[EventDate "2018.12.27"]

1. c4 e5 2. Nc3 Nf6 3. g3 g6 4. Bg2 d6 5. e3 Bg7 6. Nge2 O-O 7. O-O Re8 8. d4
e4 9. Qc2 Bf5 10. b4 c6 11. a4 Nbd7 12. Ba3 Nb6 13. Nd1 d5 14. Nb2 Qc7 15. Nf4
Rac8 16. Rac1 dxc4 17. Nxc4 Nbd5 18. Ne2 b5 19. Na5 Bd7 20. Nc3 Qb6 21. Nxe4
bxa4 22. Nd6 Nxb4 23. Bxb4 Qxb4 24. Qc5 Qxc5 25. Rxc5 Bf8 26. Nxe8 Nxe8 27.
Rcc1 Nd6 28. Nxc6 Nb5 29. Ne5 Nc3 30. Kh1 Bb5 31. Rg1 a3 32. Bd5 Ba6 33. Bxf7+
Kg7 34. h4 Bb7+ 35. Kh2 a2 36. Bxa2 Nxa2 37. Rxc8 Bxc8 38. Ra1 Be6 39. e4 Nc3
40. Rxa7+ Kf6 41. f3 h6 42. Nc6 Nb5 43. Rb7 Nd6 44. e5+ Kf5 45. exd6 Bxd6 46.
Rb6 Kf6 47. d5 Bf7 48. Kg2 g5 49. hxg5+ hxg5 50. g4 Bg6 51. Rb3 Bc2 52. Re3 Kf7
53. Nd4 Ba4 54. Nf5 Bf4 55. Re7+ Kf6 56. Ra7 Be8 57. Re7 Bf7 58. d6 Bxd6 59.
Rxf7+ Kxf7 60. Nxd6+ Ke6 61. Ne4 Ke5 62. Nxg5 Kf4 63. Nh3+ Ke5 64. Kg3 Ke6 65.
Kh4 Kf6 66. f4 Kg7 67. Kg5 Kf7 68. f5 Kg7 69. f6+ Kf8 70. Kg6 Kg8 71. f7+ Kf8
72. g5 1-0

[Event "VI. Berecz memorial B 2018"]
[Site "?"]
[Date "2018.12.28"]
[Round "3.15"]
[White "Kis, Izabella"]
[Black "Fodor, Gabor"]
[Result "1-0"]
[WhiteElo "1374"]
[BlackElo "1577"]
[PlyCount "63"]
[EventDate "2018.12.27"]

1. e4 g6 2. d4 Bg7 3. Nf3 d6 4. Nc3 Nf6 5. Bf4 O-O 6. Be2 c6 7. O-O b5 8. a3
Qb6 9. b4 a6 10. h3 Nfd7 11. Rb1 Rd8 12. Re1 a5 13. Qd2 Na6 14. d5 axb4 15.
axb4 Bb7 16. Be3 Qc7 17. dxc6 Bxc3 18. Qxc3 Qxc6 19. Qxc6 Bxc6 20. Nd4 Bxe4 21.
Bxb5 Ndb8 22. Bg5 d5 23. Bxe7 Rc8 24. Rb2 Ra7 25. Bd6 Nc7 26. Bxc7 Raxc7 27.
Re2 Ra7 28. f3 Rb7 29. fxe4 dxe4 30. Rxe4 f5 31. Re8+ Rxe8 32. Bxe8 1-0

[Event "VI. Berecz memorial B 2018"]
[Site "?"]
[Date "2018.12.28"]
[Round "3.17"]
[White "Hodi, Adam"]
[Black "Ver, Imre"]
[Result "1-0"]
[WhiteElo "1137"]
[BlackElo "1766"]
[PlyCount "105"]
[EventDate "2018.12.27"]

1. e4 e5 2. Nf3 Nc6 3. Nc3 Nf6 4. d4 exd4 5. Nxd4 d6 6. Bb5 Bd7 7. Nxc6 bxc6 8.
Bc4 Be6 9. Be2 Nd7 10. O-O Nb6 11. Be3 Be7 12. Qd2 O-O 13. b3 Qd7 14. f3 Rfd8
15. Bxb6 axb6 16. Rfd1 Bf6 17. Bc4 b5 18. Bxe6 Qxe6 19. a3 Be5 20. f4 Bf6 21.
Ra2 Bxc3 22. Qxc3 Qxe4 23. Qd2 Re8 24. Kf2 Qf5 25. g3 Qc5+ 26. Kg2 Rxa3 27.
Rxa3 Qxa3 28. Re1 Rxe1 29. Qxe1 Kf8 30. Qe4 Qc5 31. Qxh7 g6 32. Qh8+ Ke7 33.
Qb2 Qd5+ 34. Kh3 Qd2 35. Qa2 Kd7 36. Qb2 Qe2 37. Qf6 Qe6+ 38. Qxe6+ Kxe6 39. g4
b4 40. Kh4 Kf6 41. Kg3 c5 42. Kf3 d5 43. Ke3 Ke6 44. Kd3 f5 45. g5 c6 46. h3
Kd6 47. h4 Ke6 48. Ke3 Kd7 49. Kd3 Kd6 50. c3 c4+ 51. bxc4 b3 52. cxd5 cxd5 53.
Kd2 1-0

[Event "VI. Berecz memorial B 2018"]
[Site "?"]
[Date "2018.12.28"]
[Round "3.18"]
[White "Ernst, Robert"]
[Black "Kozak, Janos"]
[Result "1-0"]
[WhiteElo "1329"]
[BlackElo "1528"]
[PlyCount "29"]
[EventDate "2018.12.27"]

1. e4 Nf6 2. e5 Nd5 3. d4 d6 4. exd6 cxd6 5. Nf3 Bg4 6. Bc4 Nb6 7. Bxf7+ Kd7 8.
Ne5+ dxe5 9. Qxg4+ Kc7 10. dxe5 Nc6 11. Bf4 Nd5 12. Bxd5 Qxd5 13. Nc3 Qa5 14.
O-O-O b6 15. Qd7+ 1-0

[Event "VI. Berecz memorial B 2018"]
[Site "?"]
[Date "2018.12.28"]
[Round "3.19"]
[White "Bullas, Gabor"]
[Black "Vadkerti, Vince"]
[Result "0-1"]
[WhiteElo "1081"]
[BlackElo "1407"]
[PlyCount "26"]
[EventDate "2018.12.27"]

1. e4 d5 2. exd5 Nf6 3. Nc3 Nxd5 4. Nxd5 Qxd5 5. Nf3 Bg4 6. d3 Nc6 7. Be3 e6 8.
Be2 Be7 9. h3 Bh5 10. g4 Bg6 11. Qd2 e5 12. O-O-O Qxa2 13. Qc3 Bb4 0-1

[Event "VI. Berecz memorial B 2018"]
[Site "?"]
[Date "2018.12.28"]
[Round "3.20"]
[White "Szamko, Hanna"]
[Black "Csikos, Adam"]
[Result "1-0"]
[WhiteElo "1347"]
[BlackElo "1331"]
[PlyCount "193"]
[EventDate "2018.12.27"]

1. e4 c5 2. Nf3 Nc6 3. c3 d5 4. exd5 Qxd5 5. d4 Bg4 6. Be2 Nf6 7. dxc5 Rd8 8.
Qxd5 Nxd5 9. Nbd2 e6 10. O-O Nf4 11. Bb5 Nd3 12. Nd4 Nxc1 13. Raxc1 a6 14. Ba4
b5 15. cxb6 Bc5 16. Nxc6 Rxd2 17. Ne5+ Ke7 18. Nxg4 Rxb2 19. Bb3 Bxb6 20. Ne5
Re2 21. Nc4 Bc5 22. Rc2 Re4 23. Nd2 Rf4 24. Nf3 Rd8 25. Rd2 Rc8 26. c4 Bb4 27.
Rd4 Rf5 28. Rd3 Rf4 29. Nd4 h6 30. Nc2 Ba5 31. Ne3 Bb4 32. Nd1 Rc5 33. Rf3 Re4
34. Nc3 Ree5 35. Na4 Rc6 36. c5 Bxc5 37. Nxc5 Rexc5 38. h3 Rc7 39. Rd1 Rb7 40.
Re3 g6 41. Kf1 h5 42. Bd5 Rd7 43. Bb3 Rb7 44. Rd5 Rc1+ 45. Ke2 Rg1 46. g3 Rh1
47. h4 Rc1 48. Rdd3 Rc5 49. Rc3 Rf5 50. Rc6 a5 51. Rec3 Re5+ 52. Kd3 Rb4 53.
Rc7+ Kf6 54. Kd2 Rf5 55. Ke2 Re5+ 56. Re3 Reb5 57. Rcc3 Kg7 58. Rf3 Re5+ 59.
Rce3 Rc5 60. Rc3 Re5+ 61. Kd3 Rb7 62. Kd4 Reb5 63. Rc4 Rd5+ 64. Kc3 Re5 65. Ba4
Re2 66. Bb3 Re5 67. Ra4 Rd7 68. Rd3 Rb7 69. Rd6 Rf5 70. Rd2 Rc7+ 71. Rc4 Rb7
72. f4 Kh7 73. Rb2 Rd7 74. Bc2 Rfd5 75. Be4 Rd1 76. Rb5 Rg1 77. Rxh5+ Kg7 78.
Rg5 Re1 79. Bc2 Ra7 80. Ra4 Rc7+ 81. Kd2 Rf1 82. Bb3 Rd7+ 83. Ke2 Rc1 84. Raxa5
Rb1 85. Rac5 Rb2+ 86. Rc2 Rb1 87. h5 Rh1 88. hxg6 Rh2+ 89. Ke3 Rh1 90. gxf7+
Kxf7 91. Re5 Re7 92. f5 Rb7 93. Rxe6 Kg7 94. f6+ Kf8 95. Rc8+ Kf7 96. Rb6+ Kg6
97. Rxb7 1-0

[Event "VI. Berecz memorial B 2018"]
[Site "?"]
[Date "2018.12.28"]
[Round "3.21"]
[White "Szamko, Balint"]
[Black "Varga, Mihaly"]
[Result "0-1"]
[WhiteElo "1132"]
[BlackElo "1535"]
[PlyCount "90"]
[EventDate "2018.12.27"]

1. e4 c5 2. Bc4 Nc6 3. d3 e6 4. Nc3 g6 5. Nge2 Nge7 6. Bg5 Bg7 7. O-O h6 8.
Bxe7 Qxe7 9. Nb5 d6 10. Nbc3 a6 11. Na4 Qc7 12. Nac3 a5 13. Bb3 Rb8 14. a3 b5
15. a4 b4 16. Nb5 Qe7 17. c3 Ba6 18. d4 cxd4 19. cxd4 Bxb5 20. axb5 Nxd4 21.
Nxd4 Bxd4 22. Ra2 O-O 23. Qa1 Rxb5 24. Rxa5 Rbb8 25. Qc1 Kg7 26. Qf4 e5 27. Qc1
f5 28. exf5 Rxf5 29. Qa1 Rff8 30. Bd5 Rbc8 31. Bb3 Rc7 32. Bd5 e4 33. Re1 Bxf2+
34. Kh1 Bxe1 35. Qxe1 Qe5 36. Bb3 d5 37. Ra1 Qxb2 38. Rb1 Rcf7 39. h3 Qxb1 40.
Qxb1 Rf1+ 41. Qxf1 Rxf1+ 42. Kh2 e3 43. Bc2 e2 44. Ba4 e1=Q 45. g4 Qf2# 0-1